Naj.... Kontynentu Europejskiego - Statystyki

Ogólne statystyki
  • Ten quiz został rozwiązany 449 razy
  • Średni wynik to 8 z 12
Statystyki odpowiedzi
Naj.... Nazwa Rekord % Poprawnych
Najmniejsze państwo Europy Watykan 0,44 km2
93%
Największe państwo Europy Rosja 17075400 km2
92%
Najludniejsze państwo Europy Rosja 146877088
90%
Najmniej ludne państwo Europy Watykan 800
88%
Największa Wyspa Europy Wielka Brytania 209 331 km2
78%
Najdłuższa Rzeka Europy Wołga 3531 km
76%
Największy Półwysep Europy Półwysep Skandynawski ok. 800 tys. km2
75%
Najwyższy Szczyt Europy Mont Blanc 4808 m n.p.m
67%
Państwo Europejskie o największej gęstości zaludnienia Monako 18 775 osób/km2
63%
Państwo Europejskie o najmniejszej gęstości zaludnienia Islandia 3,2 osoby/km2
50%
Największe Jezioro Europy Ładoga 17891 km2
26%
Najgłębsze Jezioro Europy Hornindalsvatnet 514 m
3%
Nie znaleziono quizów pasujących do podanych kryteriów
Rozkład punktacji
Procent ludzi z każdym wynikiem
Percentyl według liczby udzielonych odpowiedzi
Twoja historia wyników
Nie rozwiązałeś tego quizu